Los obispos y la sociedad guatemalteca

Uloženo v:
Podrobná bibliografie
Médium: Text
Tagy: Přidat tag
Žádné tagy, Buďte první, kdo vytvoří štítek k tomuto záznamu!

MARC

LEADER 00000 a a2200000 04500
001 45254
003
040
090 |a 05.04.04 C397ig  
245 |a Los obispos y la sociedad guatemalteca  
773 |g páginas 20-49  
999 |c 38299  |d 38299